| 000 | 00823nam a22002657a 4500 | ||
|---|---|---|---|
| 001 | 9953 | ||
| 003 | FISKH | ||
| 005 | 20260319114031.0 | ||
| 008 | 260319b cb ||||| |||| 00| 0 eng d | ||
| 020 | _a0356046168 | ||
| 040 |
_aFISKH _beng _cFISKH _dFISKH |
||
| 082 | _a621 | ||
| 100 | _aThomson , Ruth | ||
| 245 |
_aFuel and energy / _cChief Editor : Ruth Thomson B.A. : Illustrator Peter North / The Garden Studio |
||
| 260 |
_aLondon : _bMacdonald and Company , _c1973 . |
||
| 300 |
_a33 pages : _bcolor illustrations ; _c19 cm . |
||
| 490 |
_aMacdonald First Library _v63 |
||
| 505 | _aK | ||
| 520 | _aBasic ideas about fuels and energy sources. | ||
| 521 | 8 |
_a510
_bLexile estimate |
|
| 521 | 8 |
_aK
_bRaz-Plus |
|
| 700 |
_aNorth , Peter _eIllustrator |
||
| 942 |
_2ddc _cBK _n0 |
||
| 999 |
_c9953 _d9953 |
||